00351nam a2200097Ia 4500008004100000100003600041245008900077260002700166650000800193856005200201171212s9999 xx 000 0 und d aDavis, Robert C.;Iyengar, Radha cDavis, Robert C.;Iyengar, RadhaaEvaluation of the Caruth Police Institute at Dallas bRAND Corporationc2013 aLaw uhttp://www.jstor.org/stable/10.7249/j.ctt5hhvkz